=LDR 00000nam 2200000 4500 =001 INLIS000000001053155 =005 20241210083035 =035 ##$$a 0010-1224000053 =007 ta =008 241210################g##########0#ind## =082 ##$$a 959.9 =084 ##$$a 959.9 KRI =245 ##$$a Krisis filipina : $b Zaman marcos dan keruntuhannya =260 ##$$a Jakarta :$b Gramedia,$c 1986 =300 ##$$a vii,358 Hlm ; $c 21 x15 cm =990 ##$$a 25532553 =990 ##$$a 57.352/Pro